| 000 | 00778 a2200289 4500 | ||
|---|---|---|---|
| 260 | _aParis | ||
| 630 | _a33 - Economie. Economie politique | ||
| 037 | _b1, Achat | ||
| 650 | _a3 - SCIENCES SOCIALES | ||
| 100 | _aDewhurst, J. Frederic | ||
| 260 | _bBerger-Levrault | ||
| 245 | _aBesoins et moyens de l'Europe : Tendances et perspectives de dix-huit pays | ||
| 300 | _a661 p. | ||
| 650 | _aEurope : économie | ||
| 260 | _c1962 | ||
| 300 | _b27 cm | ||
| 100 | _lfr | ||
| 037 | _aDE 5064 | ||
| 700 | _aTrad., Verhulst, Michel | ||
| 700 | _aTrad., Lavault, Jean | ||
| 700 | _aTrad., Faiverley, Gabriel | ||
| 650 | _amoyens économiques | ||
| 650 | _abesoins économiques | ||
| 650 | _aperspectives économiques européennes | ||
| 999 |
_c38565 _d38565 |
||